| 000 | 01072cam a22002531i 4500 | ||
|---|---|---|---|
| 003 | SA-RiAUC | ||
| 005 | 20250324132622.0 | ||
| 008 | 250322s2003 su g b 000r0 ara c | ||
| 040 |
_aSA-Ri-CSC _bara _cSA-RiAUC _erda |
||
| 082 | 0 | 4 | _a016.3 |
| 090 |
_a016.3 _bب ن ك |
||
| 110 | 2 |
_aالبنك الإسلامي للتنمية _eمؤلف. |
|
| 245 | 1 | 0 |
_aدليل مطبوعات المعهد الإسلامي للبحوث والتدريب / _cالبنك الإسلامي للتنمية. |
| 264 | 1 |
_aجدة، السعودية : _bالبنك الإسلامي للتنمية، _c2003 |
|
| 300 |
_a27 سم. ؛ _c24 سم |
||
| 336 |
_aنص _btxt _2rdacontent _3كتاب |
||
| 337 |
_aبدون وسيط _bn _2rdamedia |
||
| 338 |
_aمجلد _bnc _2rdacarrier |
||
| 610 | 2 | 7 |
_aالمعهد الإسلامي للبحوث والتدريب _2aucnm |
| 650 | 7 |
_aالبنوك الإسلامية _vببليوجرافيات _2aucsh |
|
| 650 | 7 |
_aالاقتصاد الإسلامي _vببليوجرافيات _2aucsh |
|
| 942 |
_2ddc _cBOOK _n0 |
||
| 949 |
_aSA-JeALM _d250322 _umohamedma123 _n1 |
||
| 999 |
_c6612 _d6612 |
||